=LDR 00000nam 2200000 4500 =001 INLIS000000000034109 =005 20130612140027 =008 ***********************************ind** =035 ##$$a0010-061300000034109 =041 ##$$a ind =082 ##$$a 797.2 =090 ##$$a 797.2, Hus m =100 ##$$a Husnul M, Ade =245 ##$$a Mary Berenang, Ade Husnul M. ; Penyunting, Tim Aorora Angkasa Perdana =260 ##$$a 2008 $b Bogor =300 ##$$a iv, 59 hlm, ilus, 21 cm =650 ##$$a Berenang =700 ##$$a Tim Aorora Angkasa Perdana =850 ##$$a NBPNMAT =990 ##$$a 21400613/BPAP-NTB/20142014